| 000 | 01463cam a22003255a 4500 | ||
|---|---|---|---|
| 999 |
_c15946 _d15946 |
||
| 003 | EG-ScBUE | ||
| 005 | 20200119115609.0 | ||
| 008 | 110904s1960 le f b 001 0 ara d | ||
| 040 |
_aEG-ScBUE _bara _erda _cEG-ScBUE _dEG-ScBUE |
||
| 041 | 1 |
_aara _heng |
|
| 082 | 0 | 4 |
_a809 _bهـ ا ي _222 |
| 100 | 1 |
_aهايمن، ستانلي، _d1919-1970، _eمؤلف. _926964 |
|
| 245 | 1 | 2 |
_aالنقد الأدبي ومدارسه الحديثة. _nالجزء الثاني / _cستانلي هايمن ؛ ترجمة الدكتور إحسان عباس، جامعة الخرطوم، الدكتور محمد يوسف نجم، الجامعة الأميركية ببيروت. |
| 264 | 1 |
_aبيروت : _bدار الثقافة، _c1960. |
|
| 300 |
_a363 صفحة ؛ _c24 سم |
||
| 336 |
_2rdacontent _aنص _btxt |
||
| 337 |
_2rdamedia _aبدون وسيط _bn |
||
| 338 |
_2rdacarrier _aمجلد _bnc |
||
| 500 | _aيشتمل على كشافات. | ||
| 504 | _aيشتمل على إرجاعات ببليوجرافية. | ||
| 546 | _aالنص باللغة العربية وتم ترجمته من اللغة الإنجليزية. | ||
| 590 | _areham yahia doaa mohamed | ||
| 650 | 7 |
_aالأدب _xتاريخ ونقد. _2BUEsh _915991 |
|
| 651 | _2BUEsh | ||
| 653 |
_cAugust2015 _bARALIT |
||
| 655 | _vReading book | ||
| 700 | 1 |
_aعباس، إحسان _eمترجم. _926972 |
|
| 700 | 1 |
_aنجم، محمد يوسف، _eمترجم. _926420 |
|
| 942 |
_2ddc _cBB _k809 هـ ا ي |
||